00878nam a2200253Ia 4500003000400000005001700004008004100021020003000062040001700092082001600109100001900125245008600144250005300230260003600283300002900319650003300348700002200381700002200403700001900425700002200444942000900466952013600475999001300611IIN20240103105931.0231217s9999 xx 000 0 und d cRs.3699.00a9789387963689 aIINbEnglish a611 bMOO1 aMoore, Keith L1 aClinically Oriented AnatomycKeith L, Moore, Arthur F. Dalley and Anne M. R. Agur a South Asian Editionbby S Aruna and M Sivakumar bWolters KluweraNew Delhic20181 axxxiii, 404-828 p. / V.21 aAnatomyvClinically Oriented1 aDalley, Arthur F1 a Agur, Anne M. R1 aAruna , S, Ed.1 aSivakumar, M, Ed. cBOOK 00102ddc40708Purches BookaIINbIINd2023-12-17g3699.00l0o611 MOOp199r2023-12-17 21:32:14tVol. 2w2023-12-17yBOOK c204d204